000 00593nam a22001817a 4500
003 OSt
005 20201015111646.0
008 201015b ||||| |||| 00| 0 eng d
040 _aDO-SdBNP
_bspa
_cBNPHU
082 _bV831
245 _aVisiòn de los partidos polìticos frente a la variable poblacional /
_cMillary Quiroga portada ; diagramador DomingoLaureano
260 _aSanto Domingo :
_bProfamilia
_c1986
300 _a85 p. ;
_c22 cm
590 _aInventariado, 2020 / DG
700 _aLaureano, Domingo
_eDiamagrador
_976899
910 _aInventariado, 2020 / DG
942 _2ddc
_cLBS1
999 _c48887
_d48887